|
|
|
|
| LEADER |
00000nab a2200000 a 4500 |
| 001 |
vtls000769326 |
| 003 |
SK-MaSNL |
| 005 |
20260304204352.0 |
| 008 |
250429c2001 xo 0 slo |
| 015 |
|
|
|a SNBRB2001/10-27523
|
| 035 |
|
|
|a CLN000121113
|
| 035 |
|
|
|a urn:nbn:sk:snk-ab73yp
|
| 035 |
|
|
|a (uuid)8d278335-02bd-44dd-8cc4-793d10ff0cc0
|
| 035 |
|
|
|a (urnnbn)urn:nbn:sk:snk:ar-a06sga
|
| 035 |
|
|
|a (sysno)vtls000769326
|
| 040 |
|
|
|a SNKBUCL
|b slo
|c SNKBUCL
|e AACR2
|
| 041 |
0 |
|
|a slo
|
| 044 |
|
|
|a xo
|c SK
|
| 080 |
|
|
|a 336.2:347.72.033:347.759
|2 1997
|
| 080 |
|
|
|a 347.72.033
|2 1997
|
| 080 |
|
|
|a 347.759
|2 1997
|
| 100 |
1 |
|
|a Ďurecová, Mária
|4 aut
|9 849158
|
| 245 |
1 |
0 |
|a Zdaňovanie nepeňažného vkladu do základného imania
|c Mária Ďurecová
|
| 300 |
|
|
|b Tab.
|
| 650 |
0 |
7 |
|a obchodné spoločnosti
|2 snkbucl
|9 3650
|
| 650 |
0 |
7 |
|a základné imanie
|2 snkbucl
|9 833090
|
| 650 |
0 |
7 |
|a nepeňažné vklady
|2 snkbucl
|9 1243055
|
| 650 |
0 |
7 |
|a dane
|2 snkbucl
|9 2123
|
| 655 |
|
7 |
|a články z novín a časopisov
|2 snkbucl
|9 267496
|
| 773 |
0 |
|
|t Dane a účtovníctvo v praxi
|g Roč. 6, č. 8 (2001), s. 53-58
|x 1335-7034
|
| 850 |
|
|
|a Slovenská národná knižnica
|
| 852 |
|
|
|a Slovenská národná knižnica
|
| 954 |
|
|
|a odborná, vedecká literatúra pôvodná (slovenská)
|2 lita
|
| 958 |
|
|
|a article27
|
| 958 |
|
|
|a OND
|
| 958 |
|
|
|a EUIPO
|
| 992 |
|
|
|a RBX
|
| 999 |
|
|
|c 3115621
|d 3117551
|